banner-ar

OUR DREAM : (Record no. 1601)

MARC details
000 -الفاتح
حقل البيانات ثابتة الطول 00598nam a2200193Ia 4500
008 - عناصر البيانات ثابتة الطول - معلومات عامة
حقل البيانات ثابتة الطول 140319s9999 xx 000 0 eng d
020 ## - الرقم الدولى المعيارى للكتب
الرقم الدولى المعيارى للكتاب 0195216040
040 ## - مصدر الفهرسة
وكالة الفهرسة الأصلية GCL /
وكالة النسخ GCL
082 04 - رقم تصنيف ديوى العشرى
رقم التصنيف 338.9
رقم المادة G O
100 1# - المدخل الرئيسى - إسم شخصى
الإسم الشخصى GRANZOW, SANDRA
245 10 - بيان العنوان
العنوان OUR DREAM :
بقية العنوان A WORLD FREE OF POVERTY /
بيان المسئوليه,etc GRANZOW, SANDRA
260 ## - PUBLICATION, DISTRIBUTION, ETC. (IMPRINT)
تاريخ النشر أو التوزيع 1997
300 ## - الوصف المادى
التعداد 24 CM ؛
أبعاد الوعاء 206 P
650 04 - المدخل الاضافى بالموضوع-مصطلح موضوعى
مصطلح موضوعي ECONOMIC DEVELOPMENT
650 04 - المدخل الاضافى بالموضوع-مصطلح موضوعى
مصطلح موضوعي ECONOMIC ASSISTANCE - DEVELOPING COUNTRIES - CASE STUDIES
650 04 - المدخل الاضافى بالموضوع-مصطلح موضوعى
مصطلح موضوعي TECHNICAL ASSISTANCE - DEVELOPING COUNTRIES
942 ## - عناصر المدخل الإضافي( كوها)
مصدر التصنيف او مخطط الترفيف Dewey Decimal Classification
Koha [default] item type كتاب
260 ## - PUBLICATION, DISTRIBUTION, ETC. (IMPRINT)
-- نيويورك :
-- THE WORLD BANK ،
Holdings
حالة التراجع حالة الفقد حالة تلف ليس للاعارة المكان المؤقت الموقع الحالى تاريخ الاكتساب اجمالي اﻻعارات رقم الطلب الباركود تاريخ اخر مشاهدة تاريخ تفعيل السعر نوع وعاء كوها
        مكتبة القاهرة الكبرى مكتبة القاهرة الكبرى 03/26/2014   338.9\G O 3792 03/26/2014 03/26/2014 كتاب

Powered By

EGPV